Thủy lực đại cương : Tóm tắt lý thuyết, bài tập, số liệu tra cứu
Sách trình bày tóm tắt lý thuyết, các bài tập (ví dụ) có lời giải và chưa có lời giải nhưng có đáp số, các tài liệu tra cứu bao gồm các bảng, biểu, các đồ thị, ...
Tallennettuna:
| Päätekijä: | |
|---|---|
| Aineistotyyppi: | Kirja |
| Kieli: | Undetermined |
| Julkaistu: |
Hà Nội
Xây Dựng
1999
|
| Aiheet: | |
| Tagit: |
Lisää tagi
Ei tageja, Lisää ensimmäinen tagi!
|
| Thư viện lưu trữ: | Trung tâm Học liệu Trường Đại học Cần Thơ |
|---|
| LEADER | 00897nam a2200217Ia 4500 | ||
|---|---|---|---|
| 001 | CTU_40487 | ||
| 008 | 210402s9999 xx 000 0 und d | ||
| 020 | |c 42000 | ||
| 082 | |a 627 | ||
| 082 | |b T103 | ||
| 100 | |a Nguyễn, Tài | ||
| 245 | 0 | |a Thủy lực đại cương : | |
| 245 | 0 | |b Tóm tắt lý thuyết, bài tập, số liệu tra cứu | |
| 245 | 0 | |c Nguyễn Tài, Tạ Ngọc Cầu | |
| 260 | |a Hà Nội | ||
| 260 | |b Xây Dựng | ||
| 260 | |c 1999 | ||
| 520 | |a Sách trình bày tóm tắt lý thuyết, các bài tập (ví dụ) có lời giải và chưa có lời giải nhưng có đáp số, các tài liệu tra cứu bao gồm các bảng, biểu, các đồ thị, ... | ||
| 650 | |a Fluid mechanics,Hydrodynamics | ||
| 904 | |i Minh | ||
| 980 | |a Trung tâm Học liệu Trường Đại học Cần Thơ | ||